000 00595nam a2200193Ii 4500
003 JO-AjNU
008 230605s9999||||xx |||||||||||||| ||und||
040 _aJO-AjNU
_bara
_erda
_cJO-AjNU
041 _aara
050 1 4 _aJQ1825.J6.G42 2012
100 3 _aأبو غنيمة، أحمد,
_eauthor
_950239
245 0 0 _aهذا قلمي
264 3 1 _aد.م: د.ن، 2012
300 _a179ص
336 _atext
_btxt
_2rdacontent
337 _aunmediated
_bn
_2rdamedia
338 _avolume
_bnc
_2rdacarrier
650 4 _aالاحوال السياسية والاجتماعية - مقالات
_950240
999 _aA22118
_c25686
_d25686